| 000 | 00697cam a22002053a 4500 | ||
|---|---|---|---|
| 001 | 35450 | ||
| 003 | PGUSA | ||
| 005 | 20140828083750.0 | ||
| 008 | 110302s2011||||xxu|||||s|||||000 | eng d | ||
| 040 |
_aPGUSA _beng |
||
| 042 | _adc | ||
| 100 | 1 |
_aWeir, Harrison, _d1824-1906 |
|
| 245 | 1 | 0 |
_aOur Cats and All About Them : _bTheir Varieties, Habits, and Management; and for Show, the Standard of Excellence and Beauty; Described and Pictured _h[electronic resource] / _cHarrison Weir |
| 260 |
_bProject Gutenberg, _c2011 |
||
| 506 | _aPublic domain in the USA. | ||
| 516 | _aElectronic text | ||
| 830 | 0 |
_aProject Gutenberg _v35450 |
|
| 856 | 4 | 0 | _uhttp://www.gutenberg.org/ebooks/35450 |
| 942 | _cEB | ||
| 999 |
_c264705 _d264705 |
||